[Event "POL-ch blitz (Women)"]
[Site "Bydgoszcz"]
[Date "2020.12.12"]
[Round "3"]
[White "Karkowska, Ewa"]
[Black "Malicka, Maria"]
[Result "0-1"]
[WhiteElo "1389"]
[BlackElo "2291"]
[PlyCount "20"]
[EventDate "2020.12.12"]
[EventType "swiss (blitz)"]
[EventRounds "11"]
[EventCountry "POL"]
[SourceTitle "CBM 199 Extra"]
[Source "ChessBase"]
[SourceDate "2021.01.31"]
[SourceVersion "1"]
[SourceVersionDate "2021.01.31"]
[SourceQuality "1"]

1. e4 c5 2. d4 cxd4 3. c3 Nf6 4. e5 Nd5 5. cxd4 d6 6. Nf3 Nc6 7. Nc3 Nxc3 8. bxc3 dxe5 9. Bb5 exd4 10. cxd4 Qa5+ 0-1